Capitais da América Central - Statistics

Estatísticas Gerais
  • Esse quiz foi jogado 455 vezes
  • A pontuação média é 6 de 7
Estatísticas das Respostas
Pais Capital % Correto
Panamá Cidade do Panamá
93%
Guatemala Cidade da Guatemala
88%
El Salvador San Salvador
86%
Costa Rica San Jose
78%
Nicarágua Manágua
75%
Belize Belmopan
67%
Honduras Tegucigalpa
63%
Nenhum quiz correspondente encontrado
Distribuição das Pontuações
Porcentagem de Pessoas com Cada Pontuação
Percentil de Números Respondidos
Sua Pontuação Histórica
Você não jogou esse quiz